Fashion Brand Headquarters Quiz - Statistics

General Stats
  • This quiz has been taken 60 times
  • The average score is 9 of 18
Answer Stats
Hint Answer % Correct
Christian Dior Paris
100%
Prada Milan
96%
Burberry London
93%
Tom Ford New York
80%
Gucci Florence
65%
Fendi Rome
65%
Canada Goose Toronto
61%
Balmain Paris
54%
Issey Miyake Tokyo
50%
Alexander McQueen London
48%
Rolex Geneva
43%
Loewe Madrid
43%
Chrome Hearts Los Angeles
37%
Salvatore Ferragamo Florence
33%
Moncler Milan
26%
Acne Studios Stockholm
17%
Raf Simons Antwerp
13%
Montblanc Hamburg
4%
No matching quizzes found
Score Distribution
Percent of People with Each Score
Percentile by Number Answered
Your Score History
You have not taken this quiz